Czyje to logo? - Statystyki

Ogólne statystyki
  • Ten quiz został rozwiązany 181 razy
  • Średni wynik to 11 z 20
Statystyki odpowiedzi
Obrazkowy Odpowiedź % Poprawnych
LG
96%
Vinted
88%
Monster
86%
Apple
85%
Żubr
81%
Ekipa
79%
Gucci
75%
Bentley
73%
Porsche
68%
Dove
66%
Chevrolet
65%
Twitch
65%
Mitsubishi
60%
Rolls Royce
51%
BlackBerry
30%
Ralph Lauren
28%
MISS TI
15%
Givenchy
5%
Le Petit Marseillais
3%
Skyn
1%
Nie znaleziono quizów pasujących do podanych kryteriów
Rozkład punktacji
Procent ludzi z każdym wynikiem
Percentyl według liczby udzielonych odpowiedzi
Twoja historia wyników
Nie rozwiązałeś tego quizu